| 000 | 01491nam a2200301 i 4500 | ||
|---|---|---|---|
| 003 | EG-GICUC | ||
| 005 | 20260121101350.0 | ||
| 008 | 251127s1988 ua ||||fr|||| 001 0 ara d | ||
| 040 |
_a EG-GICUC _bara _c EG-GICUC _d EG-GICUC _erda |
||
| 041 | _aara | ||
| 082 | 0 | 4 |
_a343.441 _bم ح . إ _221 |
| 092 | 0 | 4 | _221 |
| 099 | _aLaw1 10 343.441 م ح . إ 1988 1006822 | ||
| 100 | 0 |
_aمحمد هشام أبو الفتوح. _eمؤلف. |
|
| 245 | 1 | 2 |
_aالإضراب عن العمل بين التجريم والإباحة : _bدراسة في قانون العقوبات المصري على ضوء الاتفاقية الدولية للحقوق الاقتصادية والاجتماعية والثقافية مع المقارنة بالتشريعات اللاتينية والأنجلوسكسونية والاشتراكية والعربية / _cدكتور محمد هشام أبو الفتوح. |
| 264 | 1 |
_aالقاهرة : _bعالم الكتب، _c1988. |
|
| 300 |
_a332 صفحة ؛ _c24 سم. _bإيضاحيات، صور، مثيليات ؛ |
||
| 336 |
_2rda content _atext |
||
| 337 |
_2rda media _aComputer |
||
| 338 |
_2rda carrier _aOnline Resource |
||
| 504 | _aيشتمل على ارجاعات ببليوجرافية. | ||
| 546 | _aالنص باللغة العربية | ||
| 650 | 1 |
_aالتشريع المتعلق بعلاقات العمل. _2qrmak |
|
| 651 | 1 | _2qrmak | |
| 856 | 4 | 0 | _uhttps://fll.law.cu.edu.eg/fulltext/bks/B10-06822.pdf |
| 905 | _a18 | ||
| 942 |
_2ddc _n0 _cBK _e21 |
||
| 999 |
_c46389 _d46389 |
||